Ochrana súkromia pri dolovaní poznatkov z medicínskych údajov
Uložené v:
| Hlavný autor: | |
|---|---|
| Ďalší autori: | |
| Médium: | Rukopis Kniha |
| Jazyk: | Slovak |
| Vydavateľské údaje: |
2015
|
| Predmet: | |
| On-line prístup: | http://is.stuba.sk/zp/portal_zp.pl?podrobnosti=98018 |
| Tagy: |
Žiadne tagy, Buďte prvý, kto otaguje tento záznam!
|
MARC
| LEADER | 00000ntm a22000003a 4500 | ||
|---|---|---|---|
| 001 | stuzp49800 | ||
| 003 | SK-STU | ||
| 005 | 20160719153403.5 | ||
| 007 | ta | ||
| 008 | 150427s2015----xo-----f-mn---000-0-slo-d | ||
| 040 | |a STU |b slo | ||
| 041 | 0 | |a slo | |
| 100 | 1 | |a Sýkorová, Lenka |u 035000 |4 aut |U FEI Fakulta elektrotechniky a informatiky |T FEI Ústav informatiky a matematiky |X 54235 |U E050 |Y 816 |7 54235 | |
| 242 | 0 | 1 | |a Privacy preserving data mining for medical data |y eng |
| 245 | 1 | 0 | |a Ochrana súkromia pri dolovaní poznatkov z medicínskych údajov |
| 260 | |c 2015 | ||
| 300 | |a 42 s. |b CD-ROM | ||
| 650 | 4 | |a dolovanie dát |2 slo | |
| 650 | 4 | |a CRISP-DM |2 slo | |
| 650 | 4 | |a ochrana súkromia |2 slo | |
| 650 | 4 | |a sanitizácia |2 slo | |
| 650 | 4 | |a anonymizácia |2 slo | |
| 650 | 4 | |a Data warehouse |2 slo | |
| 650 | 4 | |a osobné údaje |2 slo | |
| 650 | 4 | |a personal data |2 eng | |
| 650 | 4 | |a CRISP-DM |2 eng | |
| 650 | 4 | |a sanitization |2 eng | |
| 650 | 4 | |a data mining |2 eng | |
| 650 | 4 | |a data warehouse |2 eng | |
| 650 | 4 | |a privacy protection |2 eng | |
| 650 | 4 | |a anonymization |2 eng | |
| 700 | 1 | |a Šrámka, Michal |4 ths |X 62214 |7 A000062214 | |
| 856 | 4 | |u http://is.stuba.sk/zp/portal_zp.pl?podrobnosti=98018 | |
| 996 | |b 284ER01907 |c E*Bc- 1907 |l EE35 |s P |a 0 |w stuzp49800_0001 | ||
| SQL | |a stuzp49800 |b DBP |c SLO |d Ochrana súkromia pri dolovaní poznatkov z medicínskych údajov |e 54235 |f Sýkorová, Lenka |g 035000 |h 62214 |i Šrámka, Michal |j 20150706 |k 73 |l 03 |m http://is.stuba.sk/zp/portal_zp.pl?podrobnosti=98018 |n B-API |o 9.2.9. aplikovaná informatika | ||